The law of torts / (Record no. 38701)

MARC details
000 -LEADER
fixed length control field 01491nam a22003017a 4500
005 - DATE AND TIME OF LATEST TRANSACTION
control field 20100802144559.0
010 ## - LCCN (DPL NO)
LC control number ENG-97576 B-437365-366
020 ## - INTERNATIONAL STANDARD BOOK NUMBER
International Standard Book Number 9788180386268
Terms of availability 495.00
035 ## - SYSTEM CONTROL NUMBER
System control number EN-81109 B-437365-366
037 ## - SOURCE OF ACQUISITION
Source of stock number/acquisition DBAD/PUB
037 ## - SOURCE OF ACQUISITION
Source of stock number/acquisition Allied Pub/Ven
082 ## - DEWEY DECIMAL CLASSIFICATION NUMBER
Classification number 346.03
100 ## - MAIN ENTRY--PERSONAL NAME
Personal name Ranchhoddas, Ratanlal
245 ## - TITLE STATEMENT
Title The law of torts /
Statement of responsibility, etc by Ratanlal Ranchhoddas [and] Dhirajlal Keshavlal Thakore
250 ## - EDITION STATEMENT
Edition statement 26th ed.
260 ## - PUBLICATION, DISTRIBUTION, ETC. (IMPRINT)
Place of publication, distribution, etc Gurgaon
Name of publisher, distributor, etc LexisNexis Butterworths Wadhwa
Date of publication, distribution, etc 2010
270 ## - ADDRESS
Address 14th Floor, Building No. 10, Tower-B, DLF Cyber City, Phase-II
City Gurgaon
Postal code 122002
300 ## - PHYSICAL DESCRIPTION
Extent clxxix,963p.
Dimensions 21cm (pbk)
500 ## - GENERAL NOTE
General note Includes index
650 ## - SUBJECT ADDED ENTRY--TOPICAL TERM
Topical term or geographic name as entry element Torts
650 ## - SUBJECT ADDED ENTRY--TOPICAL TERM
Topical term or geographic name as entry element Law
700 ## - ADDED ENTRY--PERSONAL NAME
Personal name Thakore, Dhirajlal Keshavlal
9 (RLIN) 4327
942 ## - ADDED ENTRY ELEMENTS (KOHA)
Source of classification or shelving scheme Dewey Decimal Classification
Item type English Books
Classification part 346.03
Call number suffix RAN
Holdings
Withdrawn status Lost status Not for loan Collection code Home library Current library Date acquired Source of acquisition Cost, normal purchase price Full call number Barcode Copy number Cost, replacement price Koha item type
    Not For Loan Reference Central Library Central Library 24/06/2011 Allied Pub/2997/31.3.11/85/24.3.11/31.3.11 495.00 346.03 RAN B-437365 1 495.00 English Books
    Not For Loan Non-fiction D.B.Act.Division D.B.Act.Division 02/08/2010 DBAD/PUB 495.00 346.03 RAN EN-81109 1 495.00 English Books
  Written-off vide DLB M. No. 383 dt 16.05.19 Not For Loan Non-fiction Patel Nagar Patel Nagar 24/06/2011 Allied Pub/2997/31.3.11/85/24.3.11/31.3.11 495.00 346.03 RAN B-437366 1 495.00 English Books

© Delhi Public Library
Hit Counter
free hit counter